| 000 | 00477cam a2200193ua 4500 | ||
|---|---|---|---|
| 020 | _c195.00 | ||
| 041 |
_aeng _h |
||
| 082 |
_a535 _bMUR/OP |
||
| 100 | _aMurugeshan, R . | ||
| 245 |
_aOptics and spectroscopy / _cR Murugeshan. _hTextual Documents |
||
| 250 |
_a6 / _b. |
||
| 260 |
_aNew Delhi : _bS.Chand and Co , _c2006. |
||
| 300 | _a426 ; . | ||
| 365 | _a195.00 | ||
| 504 | _a | ||
| 700 | 1 | _aSuvaprasath, Kiruthiga . | |
| 942 | _cBK | ||
| 999 |
_c13352 _d13352 |
||